<?xml version="1.0" encoding="UTF-8"?>
<record
    xmlns:xsi="http://www.w3.org/2001/XMLSchema-instance"
    xsi:schemaLocation="http://www.loc.gov/MARC21/slim http://www.loc.gov/standards/marcxml/schema/MARC21slim.xsd"
    xmlns="http://www.loc.gov/MARC21/slim">

  <leader>00758nam a2200157   4500</leader>
  <controlfield tag="008">759.972.86 V714s</controlfield>
  <datafield tag="020" ind1=" " ind2=" ">
    <subfield code="a">9789930696709</subfield>
  </datafield>
  <datafield tag="082" ind1=" " ind2=" ">
    <subfield code="a">759.972.86</subfield>
    <subfield code="b">V714s</subfield>
  </datafield>
  <datafield tag="100" ind1=" " ind2=" ">
    <subfield code="a">Villalobos, Alejandro </subfield>
    <subfield code="9">7316</subfield>
  </datafield>
  <datafield tag="245" ind1=" " ind2=" ">
    <subfield code="a">Simplemente paisaje:</subfield>
    <subfield code="b">Alejandro Villalobos</subfield>
  </datafield>
  <datafield tag="260" ind1=" " ind2=" ">
    <subfield code="a">San Jos&#xE9;, Costa Rica</subfield>
    <subfield code="b">Museo de Arte y Dise&#xF1;o Contempor&#xE1;neo </subfield>
    <subfield code="c">2018</subfield>
  </datafield>
  <datafield tag="300" ind1=" " ind2=" ">
    <subfield code="a">40 p. </subfield>
    <subfield code="b">il. (col)</subfield>
    <subfield code="c">28 x 22 cm </subfield>
  </datafield>
  <datafield tag="505" ind1=" " ind2=" ">
    <subfield code="t">Paisaje plomo</subfield>
    <subfield code="t">Un acontecimiento tropicalizado </subfield>
    <subfield code="t">Lo inevitable </subfield>
    <subfield code="t">La ruptura de la eterna primavera </subfield>
    <subfield code="t">Naturaleza ind&#xF3;mita, naturaleza inquieta </subfield>
    <subfield code="t">Alejandro Villalobos </subfield>
    <subfield code="t">Silva pro nobis </subfield>
  </datafield>
  <datafield tag="650" ind1=" " ind2=" ">
    <subfield code="x">arte contempor&#xE1;neo </subfield>
    <subfield code="x">arte - pintura</subfield>
    <subfield code="x">arte - Costa Rica</subfield>
    <subfield code="x">pintura - paisaje </subfield>
    <subfield code="x">pintura costarricense </subfield>
    <subfield code="9">7317</subfield>
  </datafield>
  <datafield tag="700" ind1=" " ind2=" ">
    <subfield code="a">Soto Mor&#xFA;a, Daniel (curador) </subfield>
    <subfield code="9">7318</subfield>
  </datafield>
  <datafield tag="999" ind1=" " ind2=" ">
    <subfield code="c">1904</subfield>
    <subfield code="d">1904</subfield>
  </datafield>
  <datafield tag="952" ind1=" " ind2=" ">
    <subfield code="0">0</subfield>
    <subfield code="1">0</subfield>
    <subfield code="2">ddc</subfield>
    <subfield code="4">0</subfield>
    <subfield code="7">0</subfield>
    <subfield code="a">LV</subfield>
    <subfield code="b">LV</subfield>
    <subfield code="c">Monograf&#xED;as</subfield>
    <subfield code="d">2020-03-11</subfield>
    <subfield code="l">0</subfield>
    <subfield code="o">759.972.86 V714s</subfield>
    <subfield code="p">004893</subfield>
    <subfield code="r">2020-03-11 00:00:00</subfield>
    <subfield code="w">2020-03-11</subfield>
    <subfield code="y">01</subfield>
  </datafield>
</record>
